| 000 | 00694cam a2200253 a 4500 | ||
|---|---|---|---|
| 005 | 20260322212053.0 | ||
| 008 | data | ||
| 010 | _a 2004051174 | ||
| 020 | _a140006192X (alk. paper) | ||
| 020 | _a9781400061921 (alk. paper) | ||
| 040 |
_aDLC _cDLC _dDLC |
||
| 042 | _apcc | ||
| 043 | _an-us--- | ||
| 050 | 0 | 0 |
_aPN1992.4.P35 _bA3 2004b |
| 099 | _aPAULEJ | ||
| 100 | 1 |
_aPauley, Jane, _d1950- |
|
| 245 | 1 | 0 |
_aSkywriting : _ba life out of the blue / _cJane Pauley. |
| 250 | _a1st ed. | ||
| 260 |
_aNew York : _bRandom House, _cc2004. |
||
| 300 |
_axv, 264 p. : _bill. ; _c25 cm. |
||
| 600 | 1 | 0 |
_aPauley, Jane, _d1950- |
| 650 | 0 |
_aTelevision personalities _zUnited States _vBiography. |
|
| 001 | data | ||
| 999 |
_c1261 _d1261 |
||